| 000 | 01661nam a2200325 i 4500 | ||
|---|---|---|---|
| 003 | DO-SdBNP | ||
| 005 | 20250411120510.0 | ||
| 007 | ta | ||
| 008 | 220727e1986 dr ah||gr|||| 001 0dspa d | ||
| 040 |
_aDO-SdBNP _bspa _cBNPHU _erda |
||
| 041 | _aspa | ||
| 082 | 4 |
_a972.93053 _bU58d _222 |
|
| 245 | 0 | 0 |
_aUnos desafectos y otros en desgracia : _bsufrimientos bajo la dictadura de Trujillo / _ccompilador, Bernardo Vega. |
| 250 | _aPrimera edición | ||
| 264 | 1 |
_aSanto Domingo, República Dominicana : _bFundación Cultural Dominicana, _c1986. |
|
| 300 |
_a284 páginas : _bilustraciones ; _c28 cm. |
||
| 336 |
_atexto _btxt _2rdacontent |
||
| 337 |
_asin mediación _bn _2rdamedia |
||
| 338 |
_avolumen _bnc _2rdacarrier |
||
| 500 | _aIncluye datos biográficos del autor. | ||
| 504 | _aIncluye fuente de los documentos: p. 253- 255 | ||
| 505 | 0 |
_aIntroducción -- _tLos exiliados escritores -- _tOtros exiliados -- _tLos desafectos honorables o pasivos -- _tLos desafectos en los años treinta y principio de los cuarenta -- _tLos desafectos durante la tolerancia temporal de la postguerra -- _tLos desafectos a partir de 1948 -- _tLista de desafectos -- _tLos "En desgracia" -- _tFuente de los documentos -- _tÍndice onomástico. |
|
| 590 | _aInventariado 2022 / MF | ||
| 600 | 1 | 4 |
_aTrujillo Molina, Rafael Leónidas, _d 1891-1961. _984720 |
| 650 | 4 |
_944939 _aResistencia civil _zRepública Dominicana _xHistoria _ySiglo XX _vFuentes |
|
| 651 | 4 |
_aRepública Dominicana _xPolitica y gobierno _y1930-1961 _vFuentes _975234 |
|
| 700 | 1 |
_aVega, Bernardo, _d1938 - _ecompilador _4comp. _93222 |
|
| 910 | _aMFeliz/Validado. Control de calidad MFF | ||
| 942 |
_2ddc _cLBS1 |
||
| 999 |
_c52236 _d52236 |
||